| 000 | 01260cam a2200397Ia 4500 | ||
|---|---|---|---|
| 001 | 93449 | ||
| 005 | 20230410132922.0 | ||
| 008 | 071116r19779999sp a rb 000 0 spa d | ||
| 035 | _a(OCoLC)ocn181395314 | ||
| 040 |
_aUIA _bspa _cUIA |
||
| 020 | _a8424934997 | ||
| 020 | _a9788424934996 | ||
| 035 | _a(OCoLC)181395314 | ||
| 041 | 1 |
_aspa _hgrc _hlat |
|
| 050 | 1 | 4 |
_aB 171 _bB582 1977 |
| 049 | _aGRAL | ||
| 100 | 0 | _aEsopo | |
| 130 | 1 | _aBiblioteca Clásica Gredos. | |
| 245 | 1 | 0 |
_aFábulas de Esopo ; _bVida de Esopo ; Fábulas de Babrio / _cintroducción general Carlos García Gual ; traducción y notas de P. Bádenas de la Peña, J. López Facal. |
| 250 | _a1a ed., 3a reimpr. | ||
| 260 |
_aMadrid : _bGredos, _c1977- |
||
| 300 |
_a406 p. : _bil. ; _c19 cm. |
||
| 440 | 0 |
_aBiblioteca clásica Gredos ; _vn.6 |
|
| 504 | _aIncluye referencias bibliográficas e índice. | ||
| 650 | 0 | _aPhilosophy, Classical. | |
| 650 | 0 | _aPhilosophy, Ancient. | |
| 650 | 0 |
_aPhilosophers, Ancient _xBiography |
|
| 700 | 1 | _aGarcía Gual, Carlos | |
| 700 | 1 | _aLópez Facal, J | |
| 700 | 1 |
_aBádenas de la Peña, Pedro, _d1947- |
|
| 740 | 0 | 2 | _aVida de Esopo. |
| 740 | 0 | 2 | _aFábulas de Babrio. |
| 942 |
_2lcc _cbk |
||
| 946 | _amjcruz | ||
| 994 |
_aC0 _bDRFGD |
||
| 999 |
_c90182 _d90182 |
||